| 000 | 00433nam a2200181Ia 4500 | ||
|---|---|---|---|
| 008 | 210210b1930 xxu||||| |||| 00| 0 eng d | ||
| 041 | _aeng | ||
| 082 | _a940/338 | ||
| 100 | _aGUEDALLA (P) | ||
| 245 | _aPartition of Europe, 1715-1815 | ||
| 260 |
_aLondon _bAt the Clarendon Press _c1930 |
||
| 650 | _aPartition | ||
| 650 | _aof | ||
| 650 | _aEurope, | ||
| 650 | _a1715-1815 | ||
| 690 | _aEuropean History | ||
| 906 | _a025404 | ||
| 999 |
_c151281 _d151281 |
||